Men's World Curling Championship Winners - Statistics

General Stats
  • This quiz has been taken 28 times
  • The average score is 5 of 6
Answer Stats
Winner % Correct
Canada
100%
Norway
96%
United States
96%
Sweden
92%
Scotland
77%
Switzerland
69%
No matching quizzes found
Score Distribution
Percent of People with Each Score
Percentile by Number Answered
Your Score History
You have not taken this quiz